महान शिक्षा शास्त्री डॉ सर्वपल्ली राधाकृष्णन / (Record no. 211877)
[ view plain ]
| 000 -LEADER | |
|---|---|
| fixed length control field | 00750nam a22001937a 4500 |
| 005 - DATE AND TIME OF LATEST TRANSACTION | |
| control field | 20250821163737.0 |
| 010 ## - LCCN (DPL NO) | |
| LC control number | HIN-129857 |
| 020 ## - INTERNATIONAL STANDARD BOOK NUMBER | |
| Terms of availability | 320.00 |
| International Standard Book Number | 9788189679279 |
| 035 ## - SYSTEM CONTROL NUMBER | |
| System control number | HN-102203 |
| 037 ## - SOURCE OF ACQUISITION | |
| Source of stock number/acquisition | DBAD |
| 082 ## - DEWEY DECIMAL CLASSIFICATION NUMBER | |
| Classification number | 921 |
| 100 ## - MAIN ENTRY--PERSONAL NAME | |
| Personal name | रावत, अंजीव |
| 245 ## - TITLE STATEMENT | |
| Title | महान शिक्षा शास्त्री डॉ सर्वपल्ली राधाकृष्णन / |
| Statement of responsibility, etc | अंजीव रावत |
| 260 ## - PUBLICATION, DISTRIBUTION, ETC. (IMPRINT) | |
| Place of publication, distribution, etc | जयपुर , |
| Name of publisher, distributor, etc | मॉडर्न बुक डिपो, |
| Date of publication, distribution, etc | 2021 |
| 270 ## - ADDRESS | |
| Address | 266, चौडा रास्ता , |
| City | जयपुर , |
| 300 ## - PHYSICAL DESCRIPTION | |
| Extent | 120पृ. |
| Dimensions | 22सेमी (सजिल्द) |
| 760 ## - MAIN SERIES ENTRY | |
| Edition | 1 |
| 942 ## - ADDED ENTRY ELEMENTS (KOHA) | |
| Source of classification or shelving scheme | Dewey Decimal Classification |
| Item type | Hindi Books |
| Classification part | 921 |
| Call number suffix | रावत |
| Withdrawn status | Lost status | Not for loan | Collection code | Home library | Current library | Date acquired | Source of acquisition | Cost, normal purchase price | Full call number | Barcode | Copy number | Cost, replacement price | Koha item type |
|---|---|---|---|---|---|---|---|---|---|---|---|---|---|
| Non-fiction | Sarojini Nagar | Sarojini Nagar | 17/06/2025 | DBAD | 320.00 | 921 रावत | HN-102203 | 1 | 320.00 | Hindi Books |
